| 000 | 00534nam a2200181 i 4500 | ||
|---|---|---|---|
| 001 | 30279 | ||
| 003 | ES-MaACL | ||
| 005 | 20230906154152.0 | ||
| 007 | t| | ||
| 008 | 030124s1973 sp ||||1| spa d | ||
| 100 | 1 |
_aBassó, Frederic. _926322 |
|
| 245 | 1 | 0 |
_aCatequesis de la Primera Comunión / _cF. Basso Ubach ; [traducción del catalán: Pilar Rubio]. |
| 250 | _a[1ª ed.]. | ||
| 260 |
_aBarcelona : _bTeide, _c[1973] |
||
| 300 |
_a48 p. ; _c19 cm. |
||
| 700 | 1 |
_aRubio, Pilar. _9100374 |
|
| 852 |
_aES-MaACL _j2078-F-5 _bR.85055 |
||
| 999 |
_c30279 _d30279 |
||